The ultimate question : (Record no. 21882)

MARC details
000 -LEADER
fixed length control field 01269nam a2200277#a 4500
001 - CONTROL NUMBER
control field 00240
003 - CONTROL NUMBER IDENTIFIER
control field HDC
007 - PHYSICAL DESCRIPTION FIXED FIELD--GENERAL INFORMATION
fixed length control field ta
008 - FIXED-LENGTH DATA ELEMENTS--GENERAL INFORMATION
fixed length control field 230623s2006 xx 000 0 eng d
020 ## - INTERNATIONAL STANDARD BOOK NUMBER
International Standard Book Number 1591397839 (hbk.)
040 ## - CATALOGING SOURCE
Original cataloging agency HDC
050 ## - LIBRARY OF CONGRESS CALL NUMBER
Classification number HF 5415.5
Item number .R439 2006
100 ## - MAIN ENTRY--PERSONAL NAME
Personal name Reichheld, Frederick F.
245 #4 - TITLE STATEMENT
Title The ultimate question :
Remainder of title driving good profits and true growth /
Statement of responsibility, etc. Fred Reichheld.
264 ## - PRODUCTION, PUBLICATION, DISTRIBUTION, MANUFACTURE, AND COPYRIGHT NOTICE
Place of production, publication, distribution, manufacture Boston, Mass. :
Name of producer, publisher, distributor, manufacturer Harvard Business School Press,
Date of production, publication, distribution, manufacture, or copyright notice c2006.
300 ## - PHYSICAL DESCRIPTION
Extent xi,211p. :
Other physical details ill. ;
Dimensions 25cm.
505 ## - FORMATTED CONTENTS NOTE
Formatted contents note "Why the ultimate question works -- Bad profits, good profits, and the ultimate question -- The measure of success -- How the Net Promoter Score (NPS) can drive growth -- How to measure responses -- The enterprise story: measuring what matters -- Why satisfaction surveys fail -- The rule of measurement -- Becoming good enough to grow -- Design winning customer strategies -- Deliver: building an organization that creates promoters -- Develop a community of promoters: by listening -- One goal, one number."
650 ## - SUBJECT ADDED ENTRY--TOPICAL TERM
Topical term or geographic name entry element Consumer satisfaction.
650 ## - SUBJECT ADDED ENTRY--TOPICAL TERM
Topical term or geographic name entry element Customer loyalty
650 ## - SUBJECT ADDED ENTRY--TOPICAL TERM
Topical term or geographic name entry element Customer relations.
650 ## - SUBJECT ADDED ENTRY--TOPICAL TERM
Topical term or geographic name entry element Employee motivation.
942 ## - ADDED ENTRY ELEMENTS (KOHA)
Source of classification or shelving scheme Library of Congress Classification
942 ## - ADDED ENTRY ELEMENTS (KOHA)
Koha item type Book
942 ## - ADDED ENTRY ELEMENTS (KOHA)
Call number prefix HF 5415.5
942 ## - ADDED ENTRY ELEMENTS (KOHA)
Call number suffix .R439 2006
Holdings
Withdrawn status Lost status Source of classification or shelving scheme Damaged status Not for loan Collection Home library Current library Shelving location Date acquired Total checkouts Full call number Barcode Date last seen Price effective from Koha item type
    Library of Congress Classification     Non-fiction Halal Development Corporation Library Halal Development Corporation Library Open Shelves 17/11/2020   HF 5415.5 .R439 2006 HDC 0000147 24/05/2023 24/05/2023 Book
Halal Development Corporation Berhad (HDC)
5.02 Level 5, KPMG Tower, First Avenue, Persiaran Bandar Utama, 47800 Petaling Jaya, Selangor Darul Ehsan
Phone: +603 7965 5489 Email: [email protected]